| 000 | 00665cam a22002411 4500 | ||
|---|---|---|---|
| 001 | sa 64002317 | ||
| 003 | DLC | ||
| 005 | 20260227112009.0 | ||
| 008 | 890108s1961 io 000 0 dut | ||
| 010 | _asa 64002317 | ||
| 035 | _a(OCoLC)23404493 | ||
| 040 |
_aDLC _cMiU _dDLC |
||
| 042 | _apremarc | ||
| 043 | _aa-io--- | ||
| 050 | 0 | 0 |
_aHF5382.5.I5 _bB6 |
| 100 | 1 | _aBonar, S. K. | |
| 245 | 1 | 0 | _aBeribu matjam pekerdjaan terbuka bagi saudara. |
| 260 |
_aDjakarta, _bC. V. Ensiklopedi, _c1961. |
||
| 300 |
_a132 p. _b(p. 132 advertisements) _c21 cm. |
||
| 650 | 0 | _aVocational guidance | |
| 650 | 0 |
_aOccupations _zIndonesia. |
|
| 650 | 0 |
_aIndustries _zIndonesia. |
|
| 999 |
_c57279 _d57279 |
||